| 000 | 00589nam a22001697a 4500 | ||
|---|---|---|---|
| 008 | 230621b |||||||| |||| 00| 0 eng d | ||
| 020 | _a9780905332086 | ||
| 040 |
_aNational Science Library _cNational Science Library |
||
| 080 |
_aR 620.91:65(058.7) _bL9 |
||
| 245 |
_aEnergy for industry and commerce, 1979-80: _bMarket review and directory of energy-saving equipment |
||
| 260 |
_aCambridge: _bCambridge Information and Research Services Ltd., _c1979 |
||
| 300 | _a176p. | ||
| 650 | _aScience | ||
| 653 | _aEnergy | ||
| 700 | _aBuckley, Andrew Robert (Ed.) | ||
| 942 |
_2udc _cREF |
||
| 999 |
_c45990 _d45990 |
||